| 000 | 01340cam a22003617a 4500 | ||
|---|---|---|---|
| 003 | CHAP | ||
| 005 | 20241108131715.0 | ||
| 008 | 041103d2001 mx a r 00110 spa d | ||
| 010 | _a88995 | ||
| 011 | _a89967 | ||
| 035 | _a100522 | ||
| 040 | _cCHAP | ||
| 090 | _aFolleto 16830 (2001) | ||
| 100 | 1 | 0 |
_aSolórzano Vega, Esteban _9108505 |
| 245 | 1 | 0 |
_aFijación biológica de nitrógeno : _btextos del curso producción de leguminosas de grano _c/por Esteban Solórzano Vega y Ma. de Jesús Manjarrez Martínez |
| 250 | _a2ed. corr. y aum. | ||
| 260 |
_aChapingo, Méx. : _bUACH. Departamento de Fitotécnia, _c2001. |
||
| 300 |
_a30 p. : _bilus. |
||
| 490 | 0 |
_aTemas didácticos _v; 12 |
|
| 590 |
_aBATCH-UPD _b10 _c20130110 _lUCH01 _h0528 |
||
| 590 |
_aBATCH-UPD _b10 _c20130410 _lUCH01 _h0208 |
||
| 590 |
_aBATCH-UPD _b10 _c20130914 _lUCH01 _h1720 |
||
| 590 |
_aCONVERSION _b10 _c20130109 _lUCH01 _h1349 |
||
| 650 | 1 | 4 |
_aLeguminosas _xRendimiento. _965849 |
| 650 | 1 | 4 |
_aNitrógeno _xFijación. _981472 |
| 700 | 0 |
_aManjarrez Martínez, Ma. de Jesús. _970485 |
|
| 830 | 0 |
_aTemas didácticos _v; 12 _9112155 |
|
| 901 | _aBK | ||
| 905 | _aAlejandra Carrasco M. | ||
| 942 | _cFOLL | ||
| 949 |
_aFolleto 16830 (2001) _bBC _cFOLL _d33724002002629 _eTS1 _i100522 _sb |
||
| 949 |
_aFolleto 16830 (2001) _bBC _cUACH _d33724002002587 _eUACH _fc.2 _i100522 _sb |
||
| 999 |
_c88995 _d88995 |
||